000 00584nam a2200229 a 4500
001 2390561
005 20171220080037.0
008 850716s1984 enka bs 001 0 eng
010 _a 85116961
020 _a0859584429 (pbk.) :
_c£7.50
040 _aDLC
_cDLC
_dDLC
041 _aeng
043 _ae-uk---
080 _a338.542 BOO
082 0 0 _a338.542 BOO
_219
100 1 _a17
101 _aHIS
245 1 4 _aThe commercial crisis of 1847 /
_cH.M. Boot.
504 _aBibliography: p. 95-99.
906 _a7
_bcbc
_corignew
_d3
_encip
_f19
_gy-gencatlg
942 _2ddc
_cBK
999 _c39235
_d39235